000 00952nam a2200229Ii 4500
003 JO-AjNU
008 230605s9999||||xx |||||||||||||| ||und||
017 _a2011/11/4023
020 _a978-9957-06-909-4
040 _aJO-AjNU
_bara
_erda
_cJO-AjNU
041 _aara
050 1 4 _aDS35.85.2012
100 3 _aالنبراوي،فتحية عبدالفتاح النبراوي,
_eauthor
_960894
245 0 0 _aتاريخ النظم والحضارة الاسلامية=History of Islamic Institutions&Civilization
250 _aالطبعة الاصلية مزيدة ومنقحة
264 3 1 _aعمان: دار المسيرة للنشر والتوزيع، 2012
300 _a439ص
_b ويحتوي على قائمة مراجع من ص427ص- 439ص
336 _atext
_btxt
_2rdacontent
337 _aunmediated
_bn
_2rdamedia
338 _avolume
_bnc
_2rdacarrier
650 4 _aالحضارة الاسلامية-التاريخ الاسلامي
_960895
999 _aA27493
_c31061
_d31061